Geografía de España / (Record no. 11531)

MARC details
000 -LEADER
campo de control de longitud fija 01086nam a22002295i 4500
001 - NÚMERO DE CONTROL
campo de control 11531
003 - IDENTIFICADOR DE NÚMERO DE CONTROL
campo de control ES-MaACL
005 - FECHA Y HORA DE LA ÚLTIMA TRANSACCIÓN
campo de control 20230906150124.0
007 - CAMPO FIJO DE DESCRIPCIÓN FÍSICA--INFORMACIÓN GENERAL
campo de control de longitud fija t|
008 - DATOS DE LONGITUD FIJA--INFORMACIÓN GENERAL
campo de control de longitud fija 941108s1994 sp ||||0| spa d
020 ## - NÚMERO INTERNACIONAL ESTÁNDAR DEL LIBRO
Número Internacional Estándar del Libro 84-494-0114-3
040 ## - FUENTE DE CATALOGACIÓN
Centro catalogador/agencia de origen M-BN
Lengua de catalogación spa
Centro/agencia transcriptor M-BN
080 ## - NÚMERO DE LA CLASIFICACIÓN DECIMAL UNIVERSAL
Número de la Clasificación Decimal Universal 914.60
245 00 - MENCIÓN DEL TÍTULO
Título Geografía de España /
Mención de responsabilidad, etc. dirección de la obra, José Mª Prats.
260 ## - PUBLICACIÓN, DISTRIBUCIÓN, ETC.
Lugar de publicación, distribución, etc. Barcelona :
Nombre del editor, distribuidor, etc. Océano :
-- Instituto Gallach,
Fecha de publicación, distribución, etc. D.L. 1994.
300 ## - DESCRIPCIÓN FÍSICA
Extensión 14 v :
Otras características físicas il. col ;
Dimensiones 30 cm.
500 ## - NOTA GENERAL
Nota general Indices.
505 8# - NOTA DE CONTENIDO CON FORMATO
Nota de contenido con formato 1. España en el mundo 2. Población y sociedad 3. Geografía física 4. El medio natural 5. Economía y actividades primarias 6. Industria y servicios 7. El estado de las autonomías--Galicia 8. Asturias, Cantabria, Castilla y León 9. País Vasco, Navarra, La Rioja 10. Castilla-La Mancha, Madrid 11. Extremadura, Andalucía, Ceuta y Melilla 12. Aragón, Cataluña 13. Comunidad Valenciana, Murcia, Baleares 14. Canarias--Indices
651 #4 - PUNTO DE ACCESO ADICIONAL DE MATERIA--NOMBRE GEOGRÁFICO
Nombre geográfico España-
Subdivisión general Geografía.
9 (RLIN) 8200
700 1# - ENTRADA AGREGADA--NOMBRE PERSONAL
Nombre de persona Prats, Josep Maria.
9 (RLIN) 93694
852 ## - LOCALIZACIÓN
Ubicación ES-MaACL
Número de control de estantería L-18895-08
Sublocalización o colección R.125107
Holdings
Estatus retirado Estado de pérdida Estado de daño No para préstamo Biblioteca de origen Biblioteca actual Ubicación en estantería Fecha de adquisición Fuente de adquisición Total de préstamos Signatura topográfica completa Código de barras Visto por última vez Precio de reemplazo Tipo de ítem Koha
        Biblioteca del Ateneo de Madrid Biblioteca del Ateneo de Madrid Depósito 2 17/01/2008     L-18895-08 1011754 23/02/2023 23/02/2023 Libro impreso